| 000 | 004980000a22001810004500 | ||
|---|---|---|---|
| 003 | MACL | ||
| 005 | 20151231124557.0 | ||
| 008 | 151231b xxu||||| |||| 00| 0 eng d | ||
| 040 |
_aMACL _cMACL |
||
| 041 | _aEnglish | ||
| 082 | _a352.63/HAI | ||
| 100 |
_aHai, Zuhoorul _925566 |
||
| 245 | _aGovernment Servants conduct Rules Applicable in Madhya Pradesh | ||
| 260 |
_bSaraswati Prakashan _c1970 _aBhopal |
||
| 350 | _a20 | ||
| 650 |
_aPublic Administration _925568 |
||
| 942 |
_cBK _k352.63/HAI _2ddc |
||
| 999 |
_c35645 _d35645 |
||